Copiapó en el siglo XVIII
محفوظ في:
| المؤلفون الرئيسيون: | , |
|---|---|
| التنسيق: | كتاب |
| اللغة: | الإسبانية |
| منشور في: |
Valparaíso, Chile
Universidad de Valparaíso
1988
|
| الموضوعات: | |
| الوسوم: |
إضافة وسم
لا توجد وسوم, كن أول من يضع وسما على هذه التسجيلة!
|
MARC
| LEADER | 00000nam a2200000 a 4500 | ||
|---|---|---|---|
| 001 | UCW9602 | ||
| 003 | CL-VaPUC | ||
| 005 | 20210428001614.0 | ||
| 008 | 890523e19880000CL |||||||||||||||||spa|d | ||
| 999 | |c 221520 |d 221518 | ||
| 040 | |c Pontificia Universidad Católica de Valparaíso | ||
| 082 | 0 | 4 | |a 983.145 BRO 1988 |2 21 |
| 100 | 0 | |a Broll Carlin, Julio |e author |9 314908 | |
| 245 | 1 | 0 | |a Copiapó en el siglo XVIII |
| 260 | |a Valparaíso, Chile |b Universidad de Valparaíso |c 1988 | ||
| 300 | |a 146 páginas | ||
| 583 | |a last modification |c 20151117 18:49:50 |k Rodrigo Vera | ||
| 650 | 0 | |a Historia Siglo 18 |y SIGLO 18 |z COPIAPO |9 257136 | |
| 650 | 7 | |a CONDICIONES ECONOMICAS |2 CL-VaPUC |9 314910 |y SIGLO 18 |z COPIAPO |z CHILE | |
| 700 | 0 | |a Pinto Rodríguez, Jorge |e author |9 314909 | |
| 852 | |a BIBCUR | ||
| 942 | |c BK |2 ddc | ||
| 945 | |d 19890523 00:00:00 |a oaravena | ||
| 952 | |0 0 |1 0 |2 ddc |4 0 |6 983_145000000000000_BRO_1988 |7 0 |8 A |9 214949 |a BIBHIS |b BIBHIS |d 2019-11-15 |i 2835223 |o 983.145 BRO 1988 |p 2835223 |r 2025-01-20 |t 1 |w 2019-11-15 |y BK |k HIS | ||
| 952 | |0 0 |1 0 |2 ddc |4 0 |6 983_145000000000000_BRO_1988 |7 0 |8 A |9 214950 |a BIBHIS |b BIBHIS |d 2019-11-15 |i 1257498 |o 983.145 BRO 1988 |p 1257498 |r 2025-01-20 |t 2 |w 2019-11-15 |y BK |k HIS | ||
| 952 | |0 0 |1 0 |2 ddc |4 0 |6 983_145000000000000_BRO_1988 |7 0 |8 A |9 214951 |a BIBHIS |b BIBHIS |d 2019-11-15 |i 1257501 |l 1 |o 983.145 BRO 1988 |p 1257501 |r 2025-01-20 |s 2023-04-28 |t 3 |w 2019-11-15 |y BK |k HIS | ||